[Event "AUTO-ADV-1952"]
[Site "http://www.queenalice.com/game.php?id=913834"]
[Date "2011.3.17"]
[Round "2"]
[White "Dolskkier"]
[Black "PassedPawn"]
[Result "1/2-1/2"]
[WhiteElo "2262"]
[BlackElo "2261"]

1. e4 e5 2. Nf3 Nc6 3. Bb5 a6 4. Ba4 Nf6 5. O-O Be7 6. Re1 b5 7. Bb3 O-O 8. d4
d6 9. c3 Bg4 10. d5 Na5 11. Bc2 c6 12. h3 Bd7 13. b4 Nc4 14. dxc6 Bxc6 15. Nbd2
Nxd2 16. Qxd2 a5 17. Bb2 axb4 18. cxb4 Qb6 19. a3 Nh5 20. Rac1 Rfc8 21. Kh2 Ra7
22. Re3 Nf4 23. g3 Ne6 24. Bb3 Rac7 25. Rc2 h6 26. Qe2 g6 27. Rec3 Qb7 28. Bxe6
fxe6 29. Nd2 Bd7 30. Qg4 g5 31. Qh5 Kg7 32. Rf3 Be8 33. Rxc7 Qxc7 34. Qg4 Bd7
35. Rd3 Qa7 36. Kg2 Rc2 37. Bc3 Qc7 38. Qf3 1/2-1/2

[Event "AUTO-ADV-1952"]
[Site "http://www.queenalice.com/game.php?id=913835"]
[Date "2011.3.17"]
[Round "2"]
[White "PassedPawn"]
[Black "Dolskkier"]
[Result "0-1"]
[WhiteElo "2255"]
[BlackElo "2217"]

1. e4 c6 2. d4 d5 3. Nc3 dxe4 4. Nxe4 Bf5 5. Nf3 Bxe4 6. c3 e6 7. Ng5 Bg6 8. Bd3
Be7 9. Nf3 Nf6 10. O-O Nbd7 11. Re1 Bxd3 12. Qxd3 O-O 13. Bf4 Qa5 14. b4 Qh5 15.
a3 a5 16. Ne5 Rfd8 17. Nxd7 Nxd7 18. h3 b5 19. bxa5 Ra7 20. Qe4 Rc8 21. a4 b4
22. cxb4 Bxb4 23. Rec1 Nf6 24. Qe5 Qxe5 25. Bxe5 Nd5 26. Rc4 Rxa5 27. Rac1 Rxa4
28. Rxc6 Rxc6 29. Rxc6 f6 30. Bb8 Kf7 0-1

[Event "AUTO-ADV-1952"]
[Site "http://www.queenalice.com/game.php?id=913842"]
[Date "2011.3.17"]
[Round "2"]
[White "PassedPawn"]
[Black "fbenevides"]
[Result "1-0"]
[WhiteElo "2217"]
[BlackElo "1716"]

1. e4 e5 2. Nf3 Bd6 3. Nc3 a6 4. Bc4 h6 5. d4 Nc6 6. d5 Nce7 7. O-O Nf6 8. Be3
b5 9. Bb3 O-O 10. Qd3 b4 11. Ne2 a5 12. Bc4 Ng6 13. h3 a4 14. c3 a3 15. bxa3
Rxa3 16. Bc1 Ra4 17. Rb1 c6 18. dxc6 dxc6 19. Rd1 bxc3 20. Nxc3 Ra7 21. Qxd6
Qxd6 22. Rxd6 Bd7 23. Be3 Ra3 24. Ne2 Rd8 25. Ng3 Kh7 26. Bxf7 Nh8 27. Bc4 Ra4
28. Nxe5 Raa8 29. Nxc6 Bxc6 30. Rxc6 Ng6 31. f4 Ne7 32. Re6 Rd7 33. Rb5 Ne8 34.
Rbe5 Nc6 35. Rxc6 Nf6 36. Nh5 Nxh5 37. Rxh5 Re7 38. e5 Ra3 39. Bc5 1-0

[Event "AUTO-ADV-1952"]
[Site "http://www.queenalice.com/game.php?id=913843"]
[Date "2011.3.17"]
[Round "2"]
[White "fbenevides"]
[Black "PassedPawn"]
[Result "0-1"]
[WhiteElo "1714"]
[BlackElo "2218"]

1. e4 d6 2. d4 g6 3. h3 Nf6 4. Nc3 Bg7 5. Nf3 O-O 6. g4 Nc6 7. g5 Nd7 8. d5 Nce5
9. Nxe5 Nxe5 10. f4 Nd7 11. Bd2 c6 12. Bc4 cxd5 13. Bxd5 e6 14. Bc4 Nc5 15. Qe2
d5 16. exd5 exd5 17. Bd3 Re8 18. Be4 dxe4 19. O-O-O Be6 20. Kb1 Qb6 21. Qb5 Qxb5
22. Nxb5 Rad8 23. Be3 Rxd1+ 24. Rxd1 Na4 25. c3 Bxh3 26. Nxa7 Bg4 27. Rc1 Be2
28. a3 f5 29. Kc2 Bd3+ 30. Kb3 b5 31. Nc6 Bc4+ 32. Kc2 Bf8 33. Na5 Rc8 34. Kb1
Nc5 35. Bxc5 Bd3+ 36. Ka1 Bxc5 37. b4 Bd4 38. Kb2 Be3 39. Rh1 Bxf4 40. Rg1 Bd2
41. c4 bxc4 0-1

[Event "Challenge"]
[Site "http://www.queenalice.com/game.php?id=918267"]
[Date "2011.3.27"]
[Round "-"]
[White "PassedPawn"]
[Black "Diemerlin"]
[Result "1/2-1/2"]
[WhiteElo "2261"]
[BlackElo "2160"]

1. e4 e5 2. Nf3 Nc6 3. Nc3 Nf6 4. Bb5 Bb4 5. O-O O-O 6. d3 d6 7. Bg5 Bxc3 8.
bxc3 Qe7 9. Re1 Nd8 10. d4 Ne6 11. Bd2 c5 12. d5 Nc7 13. Bd3 Bg4 14. h3 Bh5 15.
c4 h6 16. Rb1 b6 17. a4 Na6 18. c3 Nb8 19. Ra1 Nbd7 20. a5 bxa5 21. Rxa5 Rfb8
22. Re3 Bg6 23. Nh4 Bh7 24. g3 Nb6 25. Ra6 Qc7 26. Qa1 Nc8 27. g4 Rb6 1/2-1/2

[Event "AUTO-MASTER-1389"]
[Site "http://www.queenalice.com/game.php?id=926576"]
[Date "2011.4.16"]
[Round "1"]
[White "PassedPawn"]
[Black "serrameira"]
[Result "1-0"]
[WhiteElo "2231"]
[BlackElo "1930"]

1. e4 e5 2. Nc3 Nf6 3. Bc4 Nc6 4. d3 Na5 5. Nf3 Nxc4 6. dxc4 Bb4 7. Qd3 h6 8.
Bd2 d6 9. Nd5 Nxd5 10. cxd5 Bxd2+ 11. Nxd2 O-O 12. O-O-O a6 13. f3 Bd7 14. h4 f5
15. Rde1 c6 16. dxc6 Bxc6 17. exf5 Qf6 18. g4 Qf7 19. b3 Rfd8 20. g5 h5 21. g6
Qf6 22. Nc4 b5 23. Nb6 Rab8 24. Nd5 Bxd5 25. Qxd5+ Kf8 26. Qe4 Rdc8 27. Kb1 Rc3
28. Rhg1 Rbc8 29. Rg5 Rxc2 30. Rxh5 Kg8 31. Qd5+ Kf8 32. f4 e4 33. Rh8+ Ke7 34.
Qb7+ R8c7 35. Qxe4+ Kd7 36. Qe8# 1-0

[Event "AUTO-MASTER-1389"]
[Site "http://www.queenalice.com/game.php?id=926577"]
[Date "2011.4.16"]
[Round "1"]
[White "serrameira"]
[Black "PassedPawn"]
[Result "0-1"]
[WhiteElo "1956"]
[BlackElo "2243"]

1. e4 d6 2. d4 g6 3. h3 Nf6 4. Nc3 Bg7 5. Nf3 O-O 6. Bd3 Nc6 7. O-O Nb4 8. Bc4
d5 9. exd5 Nbxd5 10. Nxd5 Nxd5 11. c3 c6 12. Re1 Bf5 13. Ne5 Qd6 14. Bd3 Be6 15.
Bc4 b5 16. Bb3 a5 17. a3 a4 18. Ba2 Nb6 19. Bf4 Bxa2 20. Rxa2 Rae8 21. Qf3 Qd5
22. Raa1 Bxe5 23. Qxd5 Nxd5 24. Bxe5 f6 25. Bh2 g5 26. Re6 Rc8 27. Rae1 h5 28.
f3 Kf7 29. g3 Kg6 30. Kf2 Rfd8 31. f4 gxf4 32. gxf4 Kf5 33. Kf3 h4 34. R1e4 Rd6
35. Rxd6 exd6 36. Re2 Rg8 37. Rc2 Nb6 38. Rc1 Nc4 39. Rc2 Re8 40. Bg1 Re4 41.
Bh2 Re1 42. Rg2 Rb1 43. Rg4 Rxb2 44. Rxh4 Rxh2 45. d5 cxd5 46. Kg3 Rc2 47. Rh5+
Ke4 48. Rh6 Rxc3+ 49. Kg4 d4 50. Rxf6 d3 51. Re6+ Kd4 52. Re1 d2 53. Rd1 Rc1 54.
Rxd2+ Nxd2 0-1

[Event "AUTO-MASTER-1389"]
[Site "http://www.queenalice.com/game.php?id=926578"]
[Date "2011.4.16"]
[Round "1"]
[White "PassedPawn"]
[Black "UKopra"]
[Result "1-0"]
[WhiteElo "2229"]
[BlackElo "1821"]

1. e4 c5 2. Nf3 d6 3. d4 cxd4 4. Nxd4 Nf6 5. Nc3 a6 6. Bg5 e6 7. Qf3 h6 8. Bh4
Nbd7 9. O-O-O Qc7 10. Bd3 Be7 11. g4 g5 12. Bg3 Ne5 13. Bxe5 dxe5 14. Qg3 Nxg4
15. Ndb5 axb5 16. Bxb5+ Kf8 17. Qxg4 b6 18. h4 Ba6 19. hxg5 Bxg5+ 20. Kb1 Rg8
21. Rd7 Qc8 22. Qf3 Rg7 23. Rhd1 Bxb5 24. Nxb5 f6 25. R7d6 Re7 26. a3 Qc5 27.
Qb3 Kf7 28. Rxe6 Ree8 29. Rc6+ Kg6 30. Rxc5 bxc5 31. Nc7 1-0

[Event "AUTO-MASTER-1389"]
[Site "http://www.queenalice.com/game.php?id=926579"]
[Date "2011.4.16"]
[Round "1"]
[White "UKopra"]
[Black "PassedPawn"]
[Result "0-1"]
[WhiteElo "1832"]
[BlackElo "2221"]

1. d4 d5 2. c4 e6 3. Nc3 Nf6 4. cxd5 exd5 5. Bg5 Be7 6. e3 Nbd7 7. Bd3 c6 8. Qc2
O-O 9. Nf3 Re8 10. O-O Nf8 11. h3 Ne4 12. Bf4 Ng5 13. Bxg5 Bxg5 14. b4 Bf6 15.
b5 Bd7 16. Rfc1 Qa5 17. Rab1 Rac8 18. a4 Qd8 19. bxc6 Bxc6 20. Qb3 Ng6 21. Bb5
h6 22. Nxd5 Qxd5 23. Qxd5 Bxd5 24. Bxe8 Rxe8 25. Rc5 Rd8 26. Nd2 b6 27. Rc7 Ra8
28. Rbc1 Be6 29. Ne4 Bd8 30. Rc8 Bxc8 31. Nd6 Bd7 32. e4 Bxa4 33. e5 Nf4 34. Kf1
f6 35. g3 Nxh3 36. e6 Be7 37. Nf5 Kf8 38. d5 g6 39. Nxh6 Bb3 40. Kg2 Ng5 41. f4
Ne4 42. f5 gxf5 43. Nxf5 Bxd5 44. Re1 Nd6+ 45. Kh3 Nxf5 0-1

[Event "AUTO-MASTER-1389"]
[Site "http://www.queenalice.com/game.php?id=926580"]
[Date "2011.4.16"]
[Round "1"]
[White "PassedPawn"]
[Black "leduar"]
[Result "1-0"]
[WhiteElo "2226"]
[BlackElo "1983"]

1. e4 e5 2. Nf3 Nf6 3. d4 Nxe4 4. Bd3 d5 5. Nxe5 Nd7 6. Nxd7 Bxd7 7. O-O Qf6 8.
Bxe4 dxe4 9. Nc3 Qg6 10. Nxe4 O-O-O 11. Qd3 Re8 12. f3 a6 13. Bf4 Bh3 14. Rf2
Bf5 15. Re1 Bb4 16. c3 Ba5 17. b4 Bb6 18. a4 a5 19. b5 Re7 20. Rfe2 Rhe8 21. c4
Bxe4 22. Rxe4 Qf6 23. c5 Ba7 24. Be5 Qg6 25. Qc3 f6 26. Bxc7 Rxe4 27. fxe4 Kxc7
28. b6+ Bxb6 29. cxb6+ Kxb6 30. Qc5+ Ka6 31. Rb1 1-0

[Event "AUTO-MASTER-1389"]
[Site "http://www.queenalice.com/game.php?id=926581"]
[Date "2011.4.16"]
[Round "1"]
[White "leduar"]
[Black "PassedPawn"]
[Result "0-1"]
[WhiteElo "1947"]
[BlackElo "2222"]

1. e4 d6 2. d4 g6 3. Nf3 Nf6 4. Nc3 Bg7 5. e5 dxe5 6. dxe5 Qxd1+ 7. Nxd1 Ng4 8.
Bf4 Nc6 9. Bb5 Bd7 10. e6 fxe6 11. Bxc7 Nb4 12. Bd3 Rc8 13. Ba5 Nxc2+ 14. Bxc2
Rxc2 15. Rb1 O-O 16. O-O Rf4 17. h3 Ne5 18. Nxe5 Bxe5 19. Ne3 Re2 20. g3 Ra4 21.
Bd8 Kf7 22. f4 Bd4 0-1

[Event "Challenge"]
[Site "http://www.queenalice.com/game.php?id=929239"]
[Date "2011.4.22"]
[Round "-"]
[White "eddval"]
[Black "PassedPawn"]
[Result "0-1"]
[WhiteElo "2129"]
[BlackElo "2234"]

1. e4 e5 2. Nf3 Nc6 3. d4 Nxd4 4. Nxd4 exd4 5. Qxd4 Ne7 6. c4 Nc6 7. Qe3 g6 8.
Bd2 Bg7 9. Bc3 Bxc3+ 10. Nxc3 O-O 11. h4 h5 12. O-O-O d6 13. Be2 Be6 14. f3 Ne5
15. c5 Qe7 16. Nd5 Bxd5 17. Rxd5 Rfd8 18. Qg5 f6 19. Rxe5 Qf7 20. Qe3 dxe5 21.
b3 Qd7 22. Rd1 Qe7 23. Qh6 Qg7 24. Bc4+ Kf8 25. Qe3 Rxd1+ 26. Kxd1 Rd8+ 27. Ke2
g5 28. hxg5 Qxg5 0-1

[Event "Challenge"]
[Site "http://www.queenalice.com/game.php?id=931949"]
[Date "2011.4.29"]
[Round "-"]
[White "eddval"]
[Black "PassedPawn"]
[Result "0-1"]
[WhiteElo "2110"]
[BlackElo "2242"]

1. f4 d5 2. Nf3 g6 3. e3 Bg7 4. d4 Nf6 5. Bd3 O-O 6. Nbd2 Nc6 7. c3 Be6 8. O-O
Ng4 9. Nb3 b6 10. Ng5 Bf5 11. Qc2 e6 12. h3 Nf6 13. g4 Bxd3 14. Qxd3 h6 15. Nf3
h5 16. g5 Ne4 17. Nbd2 Ng3 18. Re1 Ne7 19. e4 dxe4 20. Nxe4 Nxe4 21. Qxe4 Nf5
22. Bd2 Re8 23. Rad1 c5 24. Be3 Qd5 25. Qxd5 exd5 26. Kf2 c4 27. Bc1 f6 28. gxf6
Bxf6 29. Rg1 Kg7 30. Ne5 Bh4+ 31. Kf3 Re6 32. Rd2 Be7 33. Re2 Nh4+ 34. Kf2 Re8
35. Bd2 Bd6 36. Kg3 Be7 37. Kf2 b5 38. Kf1 a5 39. Be1 Nf5 40. Rgg2 b4 41. Nf3
Ne3+ 42. Rxe3 Rxe3 43. Ne5 Kh7 44. Bf2 Rxh3 45. Rxg6 bxc3 0-1